[Event "Milan SSM op-B 08"]
[Site "Milan"]
[Date "2015.08.03"]
[Round "5"]
[White "Bracco, Valter"]
[Black "Vece, Luigi"]
[Result "0-1"]
[WhiteElo "1400"]
[BlackElo "1565"]
[PlyCount "68"]
[EventDate "2015.07.31"]
[EventType "swiss"]
[EventRounds "7"]
[EventCountry "ITA"]
[SourceTitle "EXT 2022"]
[Source "ChessBase"]
[SourceDate "2021.10.06"]
[SourceVersion "1"]
[SourceVersionDate "2021.10.06"]
[SourceQuality "1"]

1. d4 Nf6 2. Nf3 b6 3. e3 Bb7 4. Bd3 e6 5. 0-0 Be7 6. Nbd2 d5 7. Re1 Ne4 8. c3 0-0 9. Bc2 Nd7 10. Nxe4 dxe4 11. Nd2 Nf6 12. f3 exf3 13. Nxf3 Be4 14. Bxe4 Nxe4 15. Nd2 Nf6 16. e4 c5 17. Nf3 Rc8 18. Bg5 Ne8 19. Bxe7 Qxe7 20. Rc1 cxd4 21. cxd4 Nd6 22. Qe2 Qb7 23. b3 Rxc1 24. Rxc1 Nxe4 25. Ne5 Nf6 26. Qc2 Qd5 27. Qc4 Qe4 28. Nc6 Qe3+ 29. Kh1 Ne4 30. h3 Qg3 31. Kg1 Nf2 32. Rc2 Nxh3+ 33. Kf1 Nf4 34. Ne7+ Kh8 0-1

[Event "Milan SSM op"]
[Site "Milan"]
[Date "2015.02.05"]
[Round "8"]
[White "Bracco, Valter"]
[Black "Pipitone, Filippo Massimo"]
[Result "1/2-1/2"]
[WhiteElo "1458"]
[BlackElo "1545"]
[PlyCount "53"]
[EventDate "2015.01.13"]
[EventType "swiss"]
[EventRounds "8"]
[EventCountry "ITA"]
[SourceTitle "EXT 2017"]
[Source "ChessBase"]
[SourceDate "2016.10.25"]
[SourceVersion "1"]
[SourceVersionDate "2016.10.25"]
[SourceQuality "1"]

1. e4 c5 2. Nc3 Nc6 3. g3 g6 4. Bg2 Bg7 5. d3 d6 6. Be3 e6 7. Qd2 Rb8 8. a4 Nge7 9. Bh6 0-0 10. Bxg7 Kxg7 11. Nf3 e5 12. 0-0 f5 13. exf5 Bxf5 14. Nh4 Be6 15. Rae1 Qb6 16. Qc1 c4 17. Kh1 cxd3 18. cxd3 Rxf2 19. Ne4 Rxf1+ 20. Rxf1 Qd8 21. Ng5 Nd4 22. Nhf3 Bd5 23. Nxd4 Bxg2+ 24. Kxg2 Qb6 25. Nge6+ Kg8 26. Qh6 Qxb2+ 27. Rf2 1/2-1/2

[Event "Milan SSM op"]
[Site "Milan"]
[Date "2015.01.27"]
[Round "5"]
[White "Bracco, Valter"]
[Black "Casamassima, Paolo"]
[Result "0-1"]
[WhiteElo "1458"]
[BlackElo "1709"]
[PlyCount "52"]
[EventDate "2015.01.13"]
[EventType "swiss"]
[EventRounds "8"]
[EventCountry "ITA"]
[SourceTitle "EXT 2017"]
[Source "ChessBase"]
[SourceDate "2016.10.25"]
[SourceVersion "1"]
[SourceVersionDate "2016.10.25"]
[SourceQuality "1"]

1. e4 c5 2. Nc3 e6 3. g3 Nc6 4. Bg2 Nf6 5. f4 d6 6. d3 a6 7. h3 Be7 8. Be3 Qc7 9. Nf3 b5 10. e5 Nd7 11. d4 d5 12. 0-0 0-0 13. Qe2 cxd4 14. Nxd4 Bc5 15. Nxc6 Bxe3+ 16. Qxe3 Qxc6 17. Kh2 Bb7 18. f5 Qc7 19. Rae1 Kh8 20. f6 gxf6 21. exf6 Rg8 22. Re2 Rg6 23. Ref2 Rag8 24. Kh1 Rxg3 25. Re2 b4 26. Nd1 d4 0-1

[Event "Milan SSM op"]
[Site "Milan"]
[Date "2015.01.22"]
[Round "4"]
[White "Colombo, Abner"]
[Black "Bracco, Valter"]
[Result "0-1"]
[WhiteElo "1307"]
[BlackElo "1458"]
[PlyCount "40"]
[EventDate "2015.01.13"]
[EventType "swiss"]
[EventRounds "8"]
[EventCountry "ITA"]
[SourceTitle "EXT 2017"]
[Source "ChessBase"]
[SourceDate "2016.10.25"]
[SourceVersion "1"]
[SourceVersionDate "2016.10.25"]
[SourceQuality "1"]

1. e4 c5 2. c3 Nf6 3. Qc2 Nc6 4. Nf3 d6 5. Bc4 a6 6. a3 e6 7. b4 b5 8. Ba2 c4 9. 0-0 Bb7 10. Re1 g6 11. d3 cxd3 12. Qxd3 Bg7 13. c4 Nd7 14. Nc3 Nde5 15. Nxe5 Nxe5 16. Qg3 bxc4 17. Bb1 Nd3 18. Bxd3 Bxc3 19. Bh6 Bxa1 20. Rxa1 cxd3 0-1

[Event "Milan Molinari Memorial-B 8th"]
[Site "Milan"]
[Date "2014.11.01"]
[Round "5"]
[White "Bracco, Valter"]
[Black "Vigliaroli, Matteo Luigi"]
[Result "1/2-1/2"]
[WhiteElo "1447"]
[BlackElo "1652"]
[PlyCount "97"]
[EventDate "2014.10.29"]
[EventType "swiss"]
[EventRounds "6"]
[EventCountry "ITA"]
[SourceTitle "EXT 2024"]
[Source "ChessBase"]
[SourceDate "2023.10.10"]
[SourceVersion "1"]
[SourceVersionDate "2023.10.10"]
[SourceQuality "1"]

1. e4 e6 2. d4 d5 3. exd5 exd5 4. Nf3 Nf6 5. Bd3 Bd6 6. 0-0 0-0 7. Bg5 Bg4 8. Nbd2 Nbd7 9. Re1 c6 10. c3 Qc7 11. Qc2 Rfe8 12. h3 Bh5 13. a3 Bg6 14. Bxg6 hxg6 15. Rad1 b6 16. Qb1 a5 17. Rxe8+ Rxe8 18. Re1 a4 19. Rxe8+ Nxe8 20. Qe1 Nef6 21. Qe2 b5 22. Bh4 Kh7 23. Nf1 Ne4 24. Ng5+ Nxg5 25. Bxg5 Nf6 26. Bh4 Ne4 27. f3 Nf6 28. Qe1 Nh5 29. Bf2 f5 30. g3 Qd7 31. Kg2 g5 32. Qe2 g6 33. Qd2 g4 34. fxg4 fxg4 35. h4 Qe6 36. Qe3 Qf5 37. Nh2 Nf6 38. Qe2 g5 39. hxg5 Qxg5 40. Be3 Qh5 41. Qd3+ Ne4 42. Bf2 Kg8 43. Qe2 Qh3+ 44. Kh1 Nxf2+ 45. Qxf2 Bxg3 46. Qe2 Qxh2+ 47. Qxh2 Bxh2 48. Kxh2 Kg7 49. Kg3 1/2-1/2

[Event "Milan SSM op 09"]
[Site "Milan"]
[Date "2014.09.16"]
[Round "1"]
[White "Bracco, Valter"]
[Black "Miracola, Giorgia"]
[Result "0-1"]
[WhiteElo "1464"]
[BlackElo "1814"]
[PlyCount "64"]
[EventDate "2014.09.16"]
[EventType "swiss"]
[EventRounds "8"]
[EventCountry "ITA"]
[SourceTitle "EXT 2016"]
[Source "ChessBase"]
[SourceDate "2015.10.08"]
[SourceVersion "1"]
[SourceVersionDate "2015.10.08"]
[SourceQuality "1"]

1. e4 c5 2. Nc3 e6 3. g3 Nc6 4. Bg2 Nf6 5. Nge2 Be7 6. 0-0 0-0 7. d3 a6 8. a4 d5 9. exd5 exd5 10. Bg5 Nb4 11. Na2 Nxa2 12. Rxa2 h6 13. Bd2 Bd7 14. Nf4 Bc6 15. Re1 Re8 16. Ra1 Qc7 17. c3 b5 18. a5 Bd6 19. b4 Rxe1+ 20. Qxe1 Re8 21. Qf1 d4 22. cxd4 Bxg2 23. Kxg2 cxb4 24. Qb1 Qb7+ 25. Kg1 Bxf4 26. Bxf4 Re2 27. Qf1 Qf3 28. Qg2 Qxg2+ 29. Kxg2 Nd5 30. Kf3 Rb2 31. Bc1 Rc2 32. Rb1 Nc3 0-1

[Event "Milan SSM op"]
[Site "Milan"]
[Date "2014.01.16"]
[Round "2"]
[White "Bracco, Valter"]
[Black "Colica, Daniele"]
[Result "1/2-1/2"]
[WhiteElo "1485"]
[BlackElo "1698"]
[PlyCount "120"]
[EventDate "2014.01.14"]
[EventType "swiss"]
[EventRounds "8"]
[EventCountry "ITA"]
[SourceTitle "EXT 2015"]
[Source "ChessBase"]
[SourceDate "2014.11.20"]
[SourceVersion "1"]
[SourceVersionDate "2014.11.20"]
[SourceQuality "1"]

1. e4 Nf6 2. Nc3 d5 3. exd5 Nxd5 4. Nxd5 Qxd5 5. Nf3 Bg4 6. Be2 e6 7. c3 Be7 8. Qa4+ Nc6 9. Qxg4 Bf6 10. d4 h5 11. Qf4 0-0-0 12. Qd2 g5 13. Nxg5 Rdg8 14. h4 Qxg2 15. Bf3 Bxg5 16. Qe2 Bd2+ 17. Bxd2 Qxh1+ 18. Bxh1 Rg1+ 19. Qf1 Rhg8 20. Ke2 Rxf1 21. Rxf1 f6 22. Bf3 e5 23. dxe5 Nxe5 24. Bxh5 Rh8 25. Bf3 Rxh4 26. Rg1 b6 27. b3 a5 28. c4 Kd8 29. Bc3 Rf4 30. Bxe5 fxe5 31. Ke3 Ke7 32. Rg4 Rf6 33. Ke4 Kd6 34. Rg2 Rf4+ 35. Ke3 Rh4 36. Rg4 Rh3 37. Ke2 Kc5 38. a3 Rh8 39. Rg7 e4 40. Bxe4 Kd4 41. f3 Rh2+ 42. Kd1 Ra2 43. Rxc7 Rxa3 44. Kc2 Ra2+ 45. Kb1 Rf2 46. Rc6 Kc3 47. Rxb6 Rb2+ 48. Kc1 a4 49. Rd6 a3 50. Ra6 Rf2 51. Kd1 a2 52. Ke1 Rb2 53. c5 Rb1+ 54. Kf2 a1Q 55. Rxa1 Rxa1 56. c6 Ra7 57. Ke3 Kxb3 58. Kd4 Kb4 59. Kd5 Kb5 60. Kd6 Kb6 1/2-1/2

[Event "Milan Crespi op-B 34th"]
[Site "Milan"]
[Date "2013.12.08"]
[Round "7"]
[White "Spada, Maurizio"]
[Black "Bracco, Valter"]
[Result "1-0"]
[WhiteElo "1617"]
[BlackElo "1492"]
[PlyCount "57"]
[EventDate "2013.12.04"]
[EventType "swiss"]
[EventRounds "7"]
[EventCountry "ITA"]
[SourceTitle "EXT 2015"]
[Source "ChessBase"]
[SourceDate "2014.11.20"]
[SourceVersion "1"]
[SourceVersionDate "2014.11.20"]
[SourceQuality "1"]

1. e4 c5 2. c3 Nc6 3. Nf3 g6 4. d4 cxd4 5. cxd4 Bg7 6. Bc4 e6 7. 0-0 Nge7 8. Nc3 d5 9. exd5 exd5 10. Bb3 Bg4 11. Be3 0-0 12. h3 Bxf3 13. Qxf3 Nxd4 14. Bxd4 Bxd4 15. Nxd5 Nxd5 16. Bxd5 Rb8 17. Rad1 Qb6 18. b3 Bg7 19. Bc4 Qf6 20. Qe3 b6 21. Rd7 a5 22. a4 Rbd8 23. Rfd1 h5 24. Qd3 Rde8 25. Rd6 Qe5 26. Rxg6 Kh8 27. Rxb6 Bf6 28. Rb5 Qf4 29. Rxh5+ 1-0

[Event "Milan Crespi op-B 34th"]
[Site "Milan"]
[Date "2013.12.04"]
[Round "1"]
[White "Botta, Massimiliano"]
[Black "Bracco, Valter"]
[Result "1-0"]
[WhiteElo "1695"]
[BlackElo "1492"]
[PlyCount "63"]
[EventDate "2013.12.04"]
[EventType "swiss"]
[EventRounds "7"]
[EventCountry "ITA"]
[SourceTitle "EXT 2015"]
[Source "ChessBase"]
[SourceDate "2014.11.20"]
[SourceVersion "1"]
[SourceVersionDate "2014.11.20"]
[SourceQuality "1"]

1. e4 c5 2. Nf3 e6 3. d4 cxd4 4. Nxd4 a6 5. Nc3 b5 6. a3 Bb7 7. Be2 Nf6 8. e5 Nd5 9. Nxd5 Bxd5 10. Bf3 Bc6 11. 0-0 Be7 12. Nxc6 Nxc6 13. Bxc6 dxc6 14. Qg4 Bf8 15. Bg5 Qc7 16. Rfe1 h6 17. Bd2 g6 18. Qe4 Bg7 19. Bb4 Rd8 20. Bd6 Qc8 21. a4 Bf8 22. axb5 cxb5 23. Rad1 Bxd6 24. exd6 0-0 25. Re3 Qd7 26. Qh4 h5 27. Rg3 Kh7 28. Rh3 Rc8 29. Qe4 Kg7 30. b3 Rc6 31. Rd4 Rxd6 32. Qe5+ 1-0